Quizzes
Events
Quiz Creation
Community
Videos
Private Events
Remove Ads
Sign In
Join for FREE
Feedback
Dark Mode
Quiz Categories
Sports
Geography
Music
Movies
Television
Just For Fun
Miscellaneous
History
Literature
Language
Science
Gaming
Entertainment
Religion
Holiday
For Kids
Quiz Lab
Recent
Popular Today
Quiz Kudos Today
Editor Picks
Curator Picks
Quizzes by...
Day
Popularity
Type
Ratings
Length
Year
Community
Subscriptions
Recent Discussions
Orange Saloon
Badges
Playlists
Quests
Create
Leaderboards
Showdown
Live 5
Trivia Bingo
Activity
Puzzle Library
Sporcle Events
Private Events
Virtual Trivia
Globe League
Become a Host
Pub Owners
SporcleCon
Opinionation
Our Games
Videos
Blog
Mobile Apps
Partnerships
Remove Ads and Go Orange
Feedback
Gaming
Video Games
Board Games
Card Games
Pokémon
Mario
Nintendo
Minecraft
Console
Toys
Legend of Zelda
Gaming
Video Games
Board Games
Card Games
Pokémon
Mario
Nintendo
Minecraft
Console
Toys
Legend of Zelda
Random Quiz
Search Sporcle
×
Quiz Lab
Quiz Lab
Gaming
ultimate
Type in answers that appear in a list
Type in answers that appear in a list
Classic
Best Score? Go Orange.
Madden 16 Ultimate Legends Stats
Can you name the Madden 16 Ultimate Legends?
By
Whutcha
10m
52 Questions
141 Plays
141 Plays
141 Plays
Comments
Comments
Give Quiz Kudos
Give Quiz Kudos
-
- Ratings
hide this ad
More Info
Replay
Link that replays current quiz
Next Quiz
Link to next quiz in quiz playlist
You Got
0%
They Got
Avg Score
71%
Avg Friend Score
Upgrade to see
Score Distribution
Jump to the score distribution portion of the page
Score
0/52
Timer
10:00
0
Plays Today
Hint
Answer
% Correct
Broncos QB
John Elway
92.9%
49ers QB
Steve Young
91.5%
Falcons QB
Michael Vick
89.4%
Packers HB
Ahman Green
89.4%
Cowboys HB
Emmitt Smith
86.5%
Bills RE
Bruce Smith
86.5%
Bears HB
Walter Payton
85.8%
49ers WR
Jerry Rice
85.1%
Chargers HB
LaDainian Tomlinson
83%
Lions WR
Calvin Johnson
82.3%
Bills WR
Andre Reed
82.3%
Ravens FS
Ed Reed
81.6%
Ravens MLB
Ray Lewis
80.9%
Giants ROLB
Lawrence Taylor
80.1%
Redskins FS
Sean Taylor
80.1%
Patriots TE
Rob Gronkowski
79.4%
Dolphins LE
Jason Taylor
78%
Chargers TE
Antonio Gates
77.3%
Chiefs TE
Tony Gonzalez
77.3%
Texans LE
J.J. Watt
77.3%
Jets CB
Darrelle Revis
77.3%
Jets HB
Curtis Martin
74.5%
Rams WR
Isaac Bruce
73%
Rams HB
Eric Dickerson
72.3%
Lions WR
Herman Moore
72.3%
Giants LE
Michael Strahan
70.2%
Hint
Answer
% Correct
Eagles LE
Reggie White
70.2%
Steelers DT
Mean Joe Greene
70.2%
Buccaneers LOLB
Derrick Brooks
70.2%
Buccaneers CB
Ronde Barber
70.2%
Rams LT
Orlando Pace
68.8%
Ravens RT
Jonathan Ogden
68.8%
Steelers CB
Rod Woodson
68.8%
Cowboys RG
Larry Allen
68.1%
Vikings QB
Randall Cunningham
67.4%
Chargers FB
Lorenzo Neal
67.4%
Ravens ROLB
Terrell Suggs
66%
Cowboys WR
Dez Bryant
65.2%
Dolphins MLB
Zach Thomas
65.2%
Vikings DT
John Randle
63.1%
Rams RE
Deacon Jones
61.7%
49ers CB
Deion Sanders
61%
Saints WR
Joe Horn
60.3%
Packers DT
Gilbert Brown
59.6%
Seahawks LG
Steve Hutchinson
56%
Raiders SS
Ronnie Lott
55.3%
Titans LE
Jevon Kearse
53.2%
Jets CB
Antonio Cromartie
51.1%
Steelers C
Dermontti Dawson
49.6%
Steelers ROLB
Joey Porter
46.1%
Rams CB
Night Train Lane
45.4%
Steelers ROLB
Greg Lloyd
38.3%
Quiz Playlist
Details
Report
Send in Message
Add To Playlist
More Info:
Can you name all of the Madden 16 Ultimate Legends?
Classic:
Type in answers that appear in a list
Last Updated: Jun 11, 2017
Quiz Scoreboard
CHALLENGE
Sign Up to Join the Scoreboard
Show All
Scores
Hide
Comments
May contain spoilers
Recently Published
Billboard Blitz: Fleetwood Mac
by CooCooCachoo
Music
15s
Presidents Visiting Landmarks
by Hejman
History
7m
An Introduction to Baseball
by treessimontrees
Sports
5m
More to Explore
Quiz From the Vault
Featured Blog Post
Where Did the Easter Bunny Come From?
hide this ad
You Might Also Like...
Tags
legend
madden
ultimate
Today's Top Quizzes in Gaming
Browse Gaming
hide this ad
Today's Top Quizzes in ultimate
Browse ultimate
Top Contributed Quizzes in Gaming
1
5-to-1: Consoles
2
7-to-1: Board Game Piece Blitz
3
5-to-1: Legend of Zelda
4
Destiny 2 exotic weapons by perk icons
5
League of Legends Pro Players by Career/Team History
6
Ultimate Genshin Impact Logic Puzzle (up to 4.3)
7
Franchise by Action Figure
8
Genshin Impact Logic Puzzle Quiz
9
Who's on the WWE 2K24 Cover?
10
Overwatch Logic Puzzle
Explore More
Trending Topics
Marvel
Crossword
Harry Potter
Disney
Kpop
Anime
NBA
Song
Pokémon
Country
Puzzle
WWE
The Office
Soccer
NFL
hide this ad
More By:
Whutcha
Quiz
Plays
Rating
Category
Featured
Created
NFL Top 100 Players (2018)
78,365
4.71
Sports
May 2, 2018
NFL Top 100 Players (2017)
50,195
4.17
Sports
May 29, 2017
Madden 21 Top 5 Rated Players By Team
2,062
4.67
Sports
Jul 20, 2020
NFL Top 5 Players By Team (2019)
1,930
3.80
Sports
Jul 21, 2019
NFL Top 5 Players By Team (2020)
1,530
3.29
Sports
Jul 9, 2020
Go to Creator's Profile
Score Distribution
Quiz Creator Spotlight
Whutcha
Follow
Send a Message
Quizzes Created
-
Created Quiz Play Count
-
More By This Creator
Popular Quizzes Today
1
Find the US States - No Outlines Minefield
2
Find the Countries of Europe - No Outlines Minefield
3
The Countries of the World
4
Find the US States
5
US States
6
Risky Map Clicking: Biggest States A-Z
7
Popular People in 1961
8
Movies - When Are They Set?
More Gaming Quizzes
System Sort: The Legend of Zelda
Published
Trending Quizzes
Risky Map Clicking: Least Populous States A-Z
1-10 Letter G Words
1-10 Letter F Words
Risky Map Clicking: Next State Alphabetically
Risky Map Clicking: Biggest States A-Z
Recently Updated
Leaping Animals
pecheneg
Reality TV Shows (A-Z)
bhenderson79
Rickey Henderson's Hall of Fame Teammates
pecheneg
Champions League XIs: Arsenal
pecheneg
Quick Pick: Celebrities in WWE's Hall of Fame
aduchscher
A-Z Keypad Blitz II
pecheneg
Multiple Oscar Actors
pecheneg
Mystery Phrase Blitz: Oscar 'Best Actors'
pecheneg
F. Scott Fitzgerald Novels
LTH
Pick 3 Villains
ddd62291
Trending Topics
NBA
Harry Potter
Kpop
Anime
Marvel
Disney
Crossword
NFL
Country
Soccer
WWE
Puzzle
Pokémon
Song
The Office
Your Account Isn't Verified!
In order to create a playlist on Sporcle, you need to verify the email address you used during registration. Go to your
Sporcle Settings
to finish the process.
Report this User
Report this user for behavior that violates our
Community Guidelines
.
Details:
Send Report
Go to the Sporcle.com Mobile Site →
Comments